Biology
Salvato in:
| Autore principale: | |
|---|---|
| Natura: | Libro |
| Lingua: | Undetermined |
| Pubblicazione: |
Boston, Massachusetts
WCB/McGraw-Hill
1999
|
| Soggetti: | |
| Tags: |
Aggiungi Tag
Nessun Tag, puoi essere il primo ad aggiungerne! !
|
| Thư viện lưu trữ: | Trung tâm Học liệu Trường Đại học Cần Thơ |
|---|
| LEADER | 00471nam a2200181Ia 4500 | ||
|---|---|---|---|
| 001 | CTU_48854 | ||
| 008 | 210402s9999 xx 000 0 und d | ||
| 082 | |a 570 | ||
| 082 | |b R253 | ||
| 100 | |a Raven, Peter H. | ||
| 245 | 0 | |a Biology | |
| 245 | 0 | |c Peter H. Raven and George B. Johnson | |
| 260 | |a Boston, Massachusetts | ||
| 260 | |b WCB/McGraw-Hill | ||
| 260 | |c 1999 | ||
| 650 | |a biology | ||
| 904 | |i Giang | ||
| 980 | |a Trung tâm Học liệu Trường Đại học Cần Thơ | ||